| 000 | 00535nam a22001937a 4500 | ||
|---|---|---|---|
| 999 |
_c41683 _d41683 |
||
| 003 | OSt | ||
| 005 | 20221102150309.0 | ||
| 008 | 221102b ||||| |||| 00| 0 eng d | ||
| 020 | _a9788122435009 | ||
| 040 | _coclc | ||
| 050 | _bSRI/D | ||
| 082 |
_a613.2 _bSRI/D |
||
| 100 |
_94252 _aSrilakshmi, B |
||
| 245 |
_a Dietetics / _cB Srilakshmi |
||
| 250 | _aSeventh Edition | ||
| 260 |
_aDelhi: _bNew age international publishers, _c2014 |
||
| 300 | _a457 pages | ||
| 942 |
_2ddc _cBK _h613.2 _iSRI/D _k613.2 _eSRI/D |
||